000 01474namaa2200265 i 4500
001 173894
003 ES-MaACL
005 20250920063112.0
008 100128s1854 sp || |||| | spa d
040 _aSpMaBN
_bspa
_cPAB
080 _a78.089.1
100 1 _aAzcona, Agustín,
_dm.1855
_9142051
245 1 0 _aMoreto
_b: zarzuela en tres actos y en verso /
_cletra de D. Agustín Azcona ; música de D. Cristóbal Oudrid.
260 _aMadrid :
_b[s.n.],
_c1854 (
_fImp. de J. Rodríguez)
300 _a90 p., [1] h. ;
_c17 cm.
490 1 _aEl teatro: colección de obras dramáticas y líricas
500 _aEn la última hoja, nota de los autores declarando haber suprimido en la representación varias estrofas, por la duración excesiva del espectáculo.
500 _aEn las páginas 2-4 de la cubierta: "Catálogo de las obras dramáticas y líricas de la galería El teatro; Zarzuelas; puntos de venta y comisionados principales: provincias, Madrid"
500 _aSolo la letra.
700 0 _aOudrid, Cristóbal.
_987969
830 0 3 _aEl teatro: colección de obras dramática y líricas
_9221753
852 _aES-MaACL
_jF-8627(3)
_z.- Enc. pasta española
_q.- Falto de la cub. original
_z.- Enc. en un vol. facticio formando parte de la col. facticia "Teatro español moderno", vol. 82
852 _aES-MaACL
_jD-1748(1)
_z.- Legado M. de la Fuente
_z.- Encuadernada con otras obras
_q.- Conserva la cub. original
999 _c173894
_d173894